000 00578nam a2200193Ia 4500
003 GCL
005 20240530104419.0
008 140319s9999 xx 000 0 ara d
040 _aGCL /
_cGCL
082 0 4 _a810.809263
_bم ف
100 0 _aمحمد عبدالغنى حسن
245 1 2 _aالفلاح فى الادب العربى /
_cمحمد عبدالغنى حسن
300 _a156 ص
490 _aالمكتبة الثقافية
_v0
650 0 4 _aالادب العربى
650 0 4 _aالقرويون
650 0 4 _aالفلاحة فى الادب
942 _2ddc
_cBK
999 _c47430
_d47430